Elements of the law and practice of legislative assemblies in the United States of America

Saved in:
Bibliographic Details
Main Author: Cushing, Luther S. (Luther Stearns), 1803-1856
Other Authors: Cushing, Luther Stearns, 1803-1856
Format: Book
Language:English
Published: South Hackensack, N.J., Rothman Reprints [c1971]
Subjects:
LEADER 01344nam a2200277 4500
001 c000037410
003 CARM
005 00000000000000.0
008 721114r19711856nju b 00110 eng
019 1 |a 3700360  |z 400475  |5 LACONCORD2021 
020 |a 0716520206 
035 |a (OCoLC)517086  |5 LACONCORD2021 
043 |a n-us--- 
050 0 0 |a KF4933  |b .C8 1971 
100 1 |a Cushing, Luther S.  |q (Luther Stearns),  |d 1803-1856 
245 1 0 |a Elements of the law and practice of legislative assemblies in the United States of America  |c [by] Luther Stearns Cushing. Introd. by L. A. Abraham and Geoffrey Bing. 
260 |a South Hackensack, N.J.,  |b Rothman Reprints  |c [c1971] 
300 |a x, xxxvi, 1063 p.  |c 24 cm. 
500 |a Reprint of the 1856 ed. of the author's Lex parliamentaria americana, better known as Elements of the law and practice of legislative assemblies in the United States. 
504 |a Includes bibliographical references. 
650 0 |a Parliamentary practice  |z United States. 
700 1 2 |a Cushing, Luther Stearns,  |d 1803-1856.  |t Lex parliamentaria americana. 1971. 
852 8 |b CARM  |h A2:AF30G0  |i B01649  |p 0074387  |f BK 
082 0 4 |a 342/.73/05 
999 f f |i 8009743d-a550-58d9-a9c7-f214dc967965  |s 49d2ee8c-2313-5ed9-a157-e52e5a6e10bf 
952 f f |p Can circulate  |a CAVAL  |b CAVAL  |c CAVAL  |d CARM 1 Store  |e B01649  |f A2:AF30G0  |h Other scheme  |i book  |m 0074387